| 000 | 00675nam a22001937a 4500 | ||
|---|---|---|---|
| 999 |
_c176096 _d176096 |
||
| 005 | 20201105144556.0 | ||
| 010 | _aUR-10919 | ||
| 020 |
_c111.00 _a9789389733297 |
||
| 035 | _aU-9474 | ||
| 037 | _bDBAD/PUB | ||
| 082 | _a844 | ||
| 100 | _aسلطا ن آ ز ا د | ||
| 245 |
_aا د بی جہتيں (مضا مين کا مجمو عہ) _cسلطا ن آ ز ا د |
||
| 246 |
_bAdabi Jahtein (Urdu) _aby Sultan Azad |
||
| 260 |
_aN.Delhi _bEducational Publishing House _c2019 ء |
||
| 270 |
_aH.O.D1/16,Ansari Road,Darya ganj, _bN.Delhi _e110002 _k45678285,23216162 _l0091-11-23211540 |
||
| 300 |
_a168 ص _c22 Cm(Hb) |
||
| 942 |
_2ddc _cUR _h844 _mس ل ط |
||